Регионална библиотека "Любен Каравелов" - Русе

Олигофренопсихология (Запис номер 1238)

MARC детайли
000 -Лидер
Контролно поле с фиксирана дължина 01490nam a2200337 c 4500
003 - Код на организацията, давaща контролен номер
Контролно поле BLK
005 - Дата и час на последна редакция
Контролно поле 20220117165327.0
008 - Елементи от данни с фиксирана дължина
fixed length control field 180412b bul|||||r ||||||| ||bul||
010 ## - Наследен системен номер
LC control number KNG00002045000
040 ## - Източник на каталожния запис
Идентификатор на билиотеката - собственик на записа BLK
041 ## - Код за език
Код за езика на текст/звукозапис или на отделно заглавие Български
Код за езика КДБФ Български
080 ## - УДК
Текстов определител УДК Възпитание на душевно болни. Аутизъм(пед. аспекти) - Недоразвити, умствено изостанали, идиоти, психопати и др.
УДК код - определител по УДК 376.4
УДК определител
УДК - код + определител 376.4
080 ## - УДК
Текстов определител УДК Бавноразвиващи се и ненормални деца
УДК код - определител по УДК 159.922.76
УДК определител
УДК - код + определител 159.922.76
100 1# - Редна дума - Автор
Автор Андреев, Яни Андреев
Авторска отговорност първи автор
R(LIN) 241801
139 ## - Редно поле
Редна дума Андреев, Яни Андреев
Авторски знак Андр - А 66
245 10 - Сведения за заглавието
Заглавие Олигофренопсихология
Подзаглавни данни Моногр.
Редно поле (дума) Яни Андреев Андреев.
257 ## - Страна на издаване
Страна на създаване/издаване България
260 ## - Област на издателските данни
-- София
Име на издателя, разпространителя и проч. Изд. авт.
Година на издаване 1994
300 ## - Физическа характеристика
Страници 128 с.
Размери/Мащаб 20 см
380 ## - Жанр
Жанр Медицина
650 #4 - Допълнително описание по предмет – тема
Основно описание – тема или топоним Деца, бавноразвиващи се - психология и обучение
9 (RLIN) 243843
650 #4 - Допълнително описание по предмет – тема
Основно описание – тема или топоним Олигофренопедагогика - психологични проблеми
9 (RLIN) 243844
653 ## - Ключова дума – ненормативна
Ключова дума олигофренопедагогика
653 ## - Ключова дума – ненормативна
Ключова дума бавноразвиващи се деца
653 ## - Ключова дума – ненормативна
Ключова дума психологическа помощ
852 ## - Местоположение
Форматна сигнатура Цб 178463
856 4# - Електронен адрес и достъп
Електронен формат pdf - файл
Път до файла /url/
856 4# - Електронен адрес и достъп
Електронен формат pdf - файл
Път до файла /url/
942 ## - АРТИКУЛИ
Вид на библиотечния материал Книги
Скрит в OPAC Не
Koha issues (borrowed), all copies 1
944 ## - СЪЗДАВАНЕ И РЕДАКЦИЯ на ЗАПИСА
Създаване/Редакция Създаване
Дата на регистрацията/редакция 15.01.2003
Служител, извършил регистрацията/редакцията Виолета_Тройчева
944 ## - СЪЗДАВАНЕ И РЕДАКЦИЯ на ЗАПИСА
Създаване/Редакция Редакция
Дата на регистрацията/редакция 28.01.2012
Служител, извършил регистрацията/редакцията
999 ## - СИСТЕМНИ КОНТРОЛНИ НОМЕРА
Koha biblionumber 1238
Koha biblioitemnumber 1238
Наличности
Код за отписване Код за изгубен артикул Код за повреда Коз за рестрикции Код за отдаване Артикулен № Име на библиотеката - собственик Име на библиотеката, в която се намира в момента Статус (Текущо местоположение) Дата на вписване в системата Местоположение - отдел Цена в лева Инвентарен номер Систематично азбучна сигнатура Баркод Номер на екземпляра Цена в евро Служебна бележка Служебен тип на артикула
  Не е изгубен Не е повреден без рестрикции ползва се в читалня 2471 Регионална библиотека "Любен Каравелов" Русе Регионална библиотека "Любен Каравелов" Русе Хранилище 1994-01-01 Хранилище 0.00 603010 Цб 178463 603010 1 0.00 Дост: Dp Вид: Д N: стар фонд Дата: 01.01.1994 Дата инв: 01.10.2015 Бележки инв: Цб2015 Книги
Vip Innovations Ltd, Rousse, Bulgaria 2025